| 000 | 00716cab a2200289 4500 | ||
|---|---|---|---|
| 001 | ABS50430 | ||
| 008 | 090401t1994 xxu||||| |||| 00| 0 eng d | ||
| 035 | _a(Sirsi) u75683 | ||
| 041 | _aeng | ||
| 245 | _aEstates Times survey: M27 corridor | ||
| 260 | _c1994 | ||
| 350 | _a0 | ||
| 490 |
_aEstates Times _v(1228) 31 March 1994, 11-21(11) |
||
| 650 | _aCHICHESTER | ||
| 650 | _aCOSHAM | ||
| 650 | _aFAREHAM | ||
| 650 | _aHAMPSHIRE | ||
| 650 | _aHAVANT | ||
| 650 | _aHEDGE END | ||
| 650 | _aISLE OF WIGHT | ||
| 650 | _aM27 CORRIDOR | ||
| 650 | _aSOUTHAMPTON | ||
| 650 | _aWATERLOOVILLE | ||
| 690 | _aPROPERTY-COMMERCIAL PROPERTY-COMMERCIAL PROPERTY MARKET | ||
| 942 | _n0 | ||
| 948 | _c04/03/1997 | ||
| 999 |
_c47603 _d47603 |
||